[Event "AUTO-ELITE-1321"]
[Site "http://www.queenalice.com/game.php?id=1275374"]
[Date "2014.4.23"]
[Round "1"]
[White "Dummer"]
[Black "crono"]
[Result "1-0"]
[WhiteElo "2350"]
[BlackElo "2183"]

1. d4 Nf6 2. c4 g6 3. Nc3 Bg7 4. e4 d6 5. Nf3 O-O 6. Be2 e5 7. O-O Nbd7 8. Re1
c6 9. d5 Nc5 10. Qc2 cxd5 11. cxd5 a5 12. Be3 Nfd7 13. Nb5 Qe7 14. Nd2 1-0

[Event "AUTO-ELITE-1321"]
[Site "http://www.queenalice.com/game.php?id=1275375"]
[Date "2014.4.23"]
[Round "1"]
[White "crono"]
[Black "Dummer"]
[Result "0-1"]
[WhiteElo "2129"]
[BlackElo "2357"]

1. d4 Nf6 2. c4 e6 3. Nc3 Bb4 4. Nf3 c5 5. g3 O-O 6. Bg2 cxd4 7. Nxd4 Bxc3+ 8.
bxc3 Qa5 9. Qd3 Nc6 10. Nxc6 dxc6 11. O-O Rd8 12. Qc2 h6 13. Bf4 e5 14. Bd2 Be6
15. Rfb1 Qa6 0-1

[Event "AUTO-ELITE-1321"]
[Site "http://www.queenalice.com/game.php?id=1275380"]
[Date "2014.4.23"]
[Round "1"]
[White "crono"]
[Black "trompmaster"]
[Result "0-1"]
[WhiteElo "2294"]
[BlackElo "2476"]

1. d4 Nf6 2. c4 d6 3. Nc3 c6 4. e4 Qa5 5. Bd3 e5 6. d5 g6 7. f3 Qb6 8. Qe2 Nbd7
9. Be3 Nc5 10. Rb1 cxd5 11. cxd5 Nxd3+ 12. Qxd3 Qa6 13. Nb5 Ke7 14. Ne2 Bd7 15.
Nec3 Bg7 16. O-O Rhc8 17. Rfd1 Kf8 18. b4 Kg8 19. Rb3 Bf8 20. Ra3 Rxc3 21. Qxc3
Qxb5 22. Ra5 Qe2 23. Re1 Rc8 24. Rxe2 Rxc3 25. Rxa7 Bc8 26. Kf2 Nh5 27. g3 f5
28. Rb2 fxe4 29. fxe4 Nf6 0-1

[Event "AUTO-ELITE-1321"]
[Site "http://www.queenalice.com/game.php?id=1275381"]
[Date "2014.4.23"]
[Round "1"]
[White "trompmaster"]
[Black "crono"]
[Result "1-0"]
[WhiteElo "2436"]
[BlackElo "2260"]

1. Nf3 Nf6 2. c4 g6 3. Nc3 Bg7 4. e4 d6 5. d4 O-O 6. Be2 e5 7. O-O Nbd7 8. Qc2
c6 9. d5 Qc7 10. Be3 Ng4 11. Bd2 f5 12. exf5 gxf5 13. Ng5 Ndf6 14. h3 Nh6 15.
Rad1 cxd5 16. cxd5 a6 17. Ne6 Bxe6 18. dxe6 Ne4 19. Qd3 Nxc3 20. Bxc3 e4 21.
Qxd6 1-0

[Event "AUTO-MASTER-2075"]
[Site "http://www.queenalice.com/game.php?id=1275690"]
[Date "2014.4.24"]
[Round "1"]
[White "docb"]
[Black "crono"]
[Result "0-1"]
[WhiteElo "2059"]
[BlackElo "2271"]

1. e4 e5 2. Nf3 Nc6 3. d4 exd4 4. Nxd4 Nf6 5. Nxc6 bxc6 6. f3 Bc5 7. Qd3 Qe7 8.
Nc3 h6 9. Na4 Bb4+ 10. c3 Ba5 11. Be3 Bb6 12. Nxb6 axb6 13. Be2 Ba6 14. Qd2 Bxe2
15. Qxe2 Qe6 16. a3 d5 17. exd5 Nxd5 18. Kf2 O-O 19. Rhe1 Rfe8 20. c4 Nxe3 21.
Qxe3 Qxc4 22. Qxe8+ Rxe8 23. Rxe8+ Kh7 24. Rae1 Qd4+ 25. R1e3 Qxb2+ 26. Kg3 c5
27. R8e7 Qd4 28. R3e4 Qd6+ 29. Kf2 f5 30. R4e6 Qxh2 31. Rf7 Qh4+ 32. Kg1 c4 33.
Ree7 Qd4+ 34. Kh1 c5 35. Rb7 c3 36. Rxb6 c2 0-1

[Event "AUTO-MASTER-2075"]
[Site "http://www.queenalice.com/game.php?id=1275691"]
[Date "2014.4.24"]
[Round "1"]
[White "crono"]
[Black "docb"]
[Result "1-0"]
[WhiteElo "2253"]
[BlackElo "2073"]

1. d4 d5 2. c4 e6 3. Nc3 Nf6 4. Bg5 Be7 5. e3 b6 6. Nf3 Bb7 7. Bd3 dxc4 8. Bxc4
O-O 9. O-O Nbd7 10. Qe2 c5 11. Rfd1 cxd4 12. exd4 Rc8 13. Bb3 a6 14. Re1 b5 15.
a3 Nb6 16. Rad1 Nbd5 17. Nxd5 Nxd5 18. Bc1 Bf6 19. Ne5 Rc7 20. Ba2 Qd6 21. Bb1
Rfc8 22. Qg4 Bxe5 23. dxe5 Qe7 24. Bg5 Qe8 25. Rd4 Kh8 26. Qh3 g6 27. Rh4 h5 28.
Rxh5+ 1-0

[Event "AUTO-MASTER-2075"]
[Site "http://www.queenalice.com/game.php?id=1275702"]
[Date "2014.4.24"]
[Round "1"]
[White "TheBigSid"]
[Black "crono"]
[Result "0-1"]
[WhiteElo "2167"]
[BlackElo "2241"]

1. d4 Nf6 2. c4 g6 3. Nc3 Bg7 4. e4 d6 5. f3 O-O 6. Be3 Nc6 7. Nge2 a6 8. Qd2
Bd7 9. Nc1 e5 10. Nb3 exd4 11. Nxd4 Re8 12. Be2 Nh5 13. O-O Nf4 14. Nxc6 Nxe2+
15. Nxe2 Bxc6 16. Nd4 Bd7 17. Rac1 Qe7 18. Rfe1 Qf8 19. Ne2 Bc6 20. Nc3 f5 21.
exf5 Qxf5 22. Nd5 Qf7 23. Bg5 Bxd5 24. Qxd5 c6 25. Qxd6 Bxb2 26. Rb1 Bg7 27. c5
Rxe1+ 28. Rxe1 Re8 29. Rb1 Qxa2 30. Rd1 Qc2 31. Qd7 Qxc5+ 0-1

[Event "AUTO-MASTER-2075"]
[Site "http://www.queenalice.com/game.php?id=1275703"]
[Date "2014.4.24"]
[Round "1"]
[White "crono"]
[Black "TheBigSid"]
[Result "1-0"]
[WhiteElo "2260"]
[BlackElo "2214"]

1. d4 Nf6 2. c4 e6 3. Nc3 Bb4 4. Nf3 Bxc3+ 5. bxc3 b6 6. Bg5 Bb7 7. e3 d6 8. Nd2
Nbd7 9. f3 h6 10. Bh4 c5 11. Bd3 O-O 12. O-O e5 13. d5 Ba6 14. e4 g5 15. Bf2 Nh5
16. g3 Ng7 17. g4 h5 18. h3 h4 19. Be3 Re8 20. Bc2 Nf8 21. Ba4 Ng6 22. Bxe8 Nxe8
23. a4 Nf4 24. Kh2 Nc7 25. Bxf4 exf4 26. a5 b5 27. cxb5 Nxb5 28. c4 Nd4 29. Nb3
Nxb3 30. Qxb3 Rb8 31. Qd3 Rb2+ 32. Kh1 Rb4 33. Rfc1 Qf6 34. Rab1 Ra4 35. Qb3 Rb4
36. Qa2 Qd4 37. Rxb4 cxb4 38. Kg2 Qe3 39. Rb1 Qc3 40. Qb2 Qxc4 41. Qd2 b3 42.
Rc1 Qb5 43. Kg1 Qa4 44. Qc3 Qa2 45. Rd1 b2 46. Qc2 Qa3 47. Kg2 Qxa5 48. Qxb2 Bb5
49. Rc1 1-0

[Event "AUTO-MASTER-2075"]
[Site "http://www.queenalice.com/game.php?id=1275710"]
[Date "2014.4.24"]
[Round "1"]
[White "crono"]
[Black "KillerQueen"]
[Result "1/2-1/2"]
[WhiteElo "2261"]
[BlackElo "1998"]

1. d4 d5 2. c4 Nc6 3. Nf3 Bg4 4. Nc3 dxc4 5. d5 Bxf3 6. gxf3 Na5 7. e4 c6 8. Bh3
Nf6 9. Bg5 h6 10. Bxf6 exf6 11. O-O Bd6 12. dxc6 Nxc6 13. Qa4 O-O 14. Nd5 Ne5
15. f4 Nd3 16. Qxc4 Nxf4 17. Nxf4 Bxf4 18. Bf5 Qc7 19. Qxc7 Bxc7 20. Rac1 Be5
21. Rfd1 Rfd8 22. Rxd8+ Rxd8 23. Rc8 Rxc8 24. Bxc8 b6 25. b3 Kf8 26. Ba6 Ke7 27.
Bc4 g5 28. h3 h5 29. f3 Kd6 30. Bxf7 Kc5 31. Bxh5 Kb4 32. Bf7 Ka3 33. Kf2 Kxa2
34. Ke3 b5 35. Kd3 a5 36. Kc2 Ka3 37. Bd5 Kb4 38. Bf7 a4 39. bxa4 bxa4 40. Bd5
Kc5 41. Kb1 Kd4 42. Be6 Ke3 43. Bg4 Kf2 44. Ka2 1/2-1/2

[Event "AUTO-MASTER-2075"]
[Site "http://www.queenalice.com/game.php?id=1275711"]
[Date "2014.4.24"]
[Round "1"]
[White "KillerQueen"]
[Black "crono"]
[Result "1-0"]
[WhiteElo "2000"]
[BlackElo "2124"]

1. d4 Nf6 2. c4 g6 3. Nc3 Bg7 4. e4 d6 5. h3 O-O 6. Nf3 e5 7. d5 a5 8. Be3 Ne8
9. g4 f5 10. gxf5 gxf5 11. Bg5 Nf6 12. Rg1 Kh8 13. Nh4 f4 14. Qf3 Na6 15. Be2 c6
16. O-O-O Nc5 17. Rg2 cxd5 18. cxd5 Bd7 19. Rdg1 Rf7 20. Qh5 Nxh5 21. Bxd8 Rxd8
22. Bxh5 Re7 23. Bg4 Bf6 24. Nf5 Bxf5 25. Bxf5 Rg7 26. Rxg7 Bxg7 27. Kd2 Bf6 28.
b3 1-0

[Event "AUTO-OPEN-2975"]
[Site "http://www.queenalice.com/game.php?id=1287466"]
[Date "2014.6.11"]
[Round "3"]
[White "crono"]
[Black "Modaste"]
[Result "0-1"]
[WhiteElo "2144"]
[BlackElo "2057"]

1. d4 Nf6 2. c4 e6 3. Nc3 Be7 4. e4 d6 5. Be3 O-O 6. f3 Nbd7 7. Qd2 c6 8. Nge2
e5 9. Nc1 Ne8 10. Be2 f5 11. exf5 Rxf5 12. O-O exd4 13. Bxd4 Ne5 14. f4 Ng6 15.
Ne4 Rf8 16. Ng3 Bh4 17. Nh5 Nf6 18. g3 Nxh5 19. Bxh5 Bf6 20. Nb3 Ne7 21. Rae1
Nf5 22. Bf2 g6 0-1

[Event "AUTO-OPEN-2975"]
[Site "http://www.queenalice.com/game.php?id=1287467"]
[Date "2014.6.11"]
[Round "3"]
[White "Modaste"]
[Black "crono"]
[Result "1-0"]
[WhiteElo "2036"]
[BlackElo "2160"]

1. d4 Nf6 2. c4 g6 3. Nc3 Bg7 4. e4 d6 5. Bd3 O-O 6. Nge2 e5 7. d5 a5 8. O-O Na6
9. f4 exf4 10. Bxf4 Nh5 11. Be3 Bd7 12. a3 Qe7 13. Rc1 Rae8 14. Qd2 Qd8 15. Bh6
Nc5 16. Bc2 a4 17. Bxg7 Nxg7 18. Qd1 f5 19. exf5 Nxf5 20. Nd4 1-0

[Event "AUTO-MASTER-1998"]
[Site "http://www.queenalice.com/game.php?id=1290614"]
[Date "2014.6.26"]
[Round "2"]
[White "crono"]
[Black "jrafaelcc"]
[Result "0-1"]
[WhiteElo "2234"]
[BlackElo "2290"]

1. d4 d5 2. c4 dxc4 3. Nf3 Nf6 4. e3 Bg4 5. Bxc4 e6 6. O-O Nbd7 7. Nc3 c5 8. Be2
a6 9. a4 cxd4 10. Nxd4 Bxe2 0-1